[Event "GRENKE Chess Classic"]
[Site "Karlsruhe"]
[Date "15.04.2017"]
[Round "1.2"]
[White "Hou, Yifan"]
[Black "Caruana, Fabiano"]
[Result "1-0"]
[WhiteTitle "GM"]
[BlackTitle "GM"]
[WhiteElo "2649"]
[BlackElo "2817"]
[WhiteFideId "8602980"]
[BlackFideId "2020009"]
[EventDate "2017.04.15"]

1. e4 e5 2. Nf3 Nc6 3. Bb5 Nf6 4. O-O Nxe4 5. Re1 Nd6 6. Nxe5 Be7 7. Bf1 O-O 8.
d4 Nf5 9. Nf3 d5 10. c3 Bd6 11. Nbd2 Nce7 12. Qc2 c6 13. Bd3 g6 14. Nf1 f6 15.
h3 Rf7 16. Bd2 Bd7 17. Re2 c5 18. dxc5 Bxc5 19. Bf4 Rc8 20. Rae1 g5 21. Ng3 Nxg3
22. Bxg3 a5 23. Qd2 a4 24. b4 axb3 25. axb3 Ng6 26. h4 gxh4 27. Nxh4 Nxh4 28.
Bxh4 Qf8 29. Qf4 Bd6 30. Qd4 Rd8 31. Re3 Bc8 32. b4 Kg7 33. Bb5 Bc7 34. Re8 Qd6
35. Bg3 Qb6 36. Qd3 Bd7 37. Bxd7 Rdxd7 38. Qf5 Bxg3 39. Qg4+ Kh6 40. Qh3+ 1-0

[Event "GRENKE Chess Classic"]
[Site "Karlsruhe"]
[Date "15.04.2017"]
[Round "1.4"]
[White "Aronian, Levon"]
[Black "Meier, Georg"]
[Result "1/2-1/2"]
[WhiteTitle "GM"]
[BlackTitle "GM"]
[WhiteElo "2774"]
[BlackElo "2621"]
[WhiteFideId "13300474"]
[BlackFideId "4675789"]
[EventDate "2017.04.15"]

1. Nf3 d5 2. g3 Bg4 3. Bg2 e6 4. O-O Nf6 5. h3 Bh5 6. c4 c6 7. d3 Be7 8. cxd5
cxd5 9. Qb3 Bxf3 10. Bxf3 Qd7 11. Be3 O-O 12. Rc1 Nc6 13. Nd2 a5 14. a4 Ne8 15.
Bc5 Bxc5 16. Rxc5 Nd6 17. e3 h6 18. d4 Nb4 19. Rac1 Rac8 20. R5c3 Rfd8 21. Be2
Rb8 22. h4 Rdc8 23. Kg2 Qd8 24. Qa3 Rc6 25. Nf3 Ne4 26. Rxc6 Nxc6 27. Qb3 Nb4
28. Ne5 Rc8 29. Qd1 Rc7 30. Bh5 Nd6 31. Rc3 Rxc3 32. bxc3 Nc6 33. Nd3 Qc7 34.
Bf3 Nb8 35. Qc2 Nd7 36. Nb2 Nb6 37. Qb3 g6 38. Be2 Qc6 39. f3 h5 40. Kf2 Kg7 41.
Qa3 1/2-1/2

[Event "GRENKE Chess Classic"]
[Site "Karlsruhe"]
[Date "16.04.2017"]
[Round "2.1"]
[White "Meier, Georg"]
[Black "Hou, Yifan"]
[Result "0-1"]
[WhiteTitle "GM"]
[BlackTitle "GM"]
[WhiteElo "2621"]
[BlackElo "2649"]
[WhiteFideId "4675789"]
[BlackFideId "8602980"]
[EventDate "2017.04.15"]

1. d4 Nf6 2. c4 e6 3. g3 d5 4. Bg2 Bb4+ 5. Nd2 O-O 6. Nf3 b6 7. O-O Bb7 8. b3
Nbd7 9. Bb2 Qe7 10. Ne5 Rfd8 11. Nd3 Bd6 12. e3 Rab8 13. Rc1 Ne4 14. cxd5 exd5
15. Re1 c5 16. dxc5 bxc5 17. Qc2 Rbc8 18. Nf4 Nef6 19. Nc4 Bc7 20. Red1 Bxf4 21.
exf4 Ba8 22. Ne3 Qe6 23. Nf5 Re8 24. h3 d4 25. Bxa8 Rxa8 26. b4 Rac8 27. Qb1 Ne4
28. g4 g6 29. Nh4 Nxf2 30. Kxf2 Qe2+ 31. Kg1 Re3 32. Qc2 Rg3+ 33. Kh1 Rxh3+ 34.
Kg1 Qe3+ 0-1

[Event "GRENKE Chess Classic"]
[Site "Karlsruhe"]
[Date "16.04.2017"]
[Round "2.3"]
[White "Naiditsch, Arkadij"]
[Black "Caruana, Fabiano"]
[Result "0-1"]
[WhiteTitle "GM"]
[BlackTitle "GM"]
[WhiteElo "2702"]
[BlackElo "2817"]
[WhiteFideId "4650891"]
[BlackFideId "2020009"]
[EventDate "2017.04.15"]

1. e4 e5 2. Bc4 Nf6 3. d3 Nc6 4. Nc3 Na5 5. Nge2 Bc5 6. O-O O-O 7. Ng3 h6 8. h3
d6 9. Bb3 c6 10. Na4 Nxb3 11. axb3 Bb4 12. Bd2 Bxd2 13. Qxd2 d5 14. Qb4 b6 15.
Nc3 c5 16. Qa3 d4 17. Nce2 a5 18. f4 Be6 19. Rae1 exf4 20. Nxf4 Nd7 21. Qa1 Qg5
22. Kh2 Ne5 23. Qd1 Rae8 24. Nge2 Ng6 25. Qc1 Qe5 26. Kg1 Nh4 27. g3 Ng6 28. Kg2
Qd6 29. Kh2 Ne5 30. Kg2 f5 31. Nxe6 Rxe6 32. exf5 Qd5+ 33. Kg1 Ref6 34. Nf4 Nf3+
35. Kf2 Qxf5 36. Kxf3 Qxh3 37. Re4 g5 38. Ke2 Qxg3 39. Rf3 Qg4 40. Qh1 Rxf4 0-1

[Event "GRENKE Chess Classic"]
[Site "Karlsruhe"]
[Date "17.04.2017"]
[Round "3.3"]
[White "Caruana, Fabiano"]
[Black "Meier, Georg"]
[Result "1-0"]
[WhiteTitle "GM"]
[BlackTitle "GM"]
[WhiteElo "2817"]
[BlackElo "2621"]
[WhiteFideId "2020009"]
[BlackFideId "4675789"]
[EventDate "2017.04.15"]

1. e4 e6 2. d4 d5 3. Nc3 dxe4 4. Nxe4 Nd7 5. Nf3 Ngf6 6. Nxf6+ Nxf6 7. Be3 Bd6
8. Bd3 O-O 9. Qe2 b6 10. O-O-O Bb7 11. Kb1 c5 12. Bg5 h6 13. Bh4 Rc8 14. c3 Be7
15. Bg3 cxd4 16. Nxd4 Rc5 17. Rhe1 Qc8 18. Be5 Nd7 19. Bf4 Nf6 20. h4 Rd8 21.
Be5 h5 22. f3 Bd6 23. Bxf6 gxf6 24. Qe3 Kg7 25. f4 Rg8 26. Bc2 Bb8 27. Bb3 f5
28. Nxe6+ fxe6 29. Qd4+ Kh7 30. Rxe6 Be4+ 31. Ka1 Rg7 32. Qf6 Bxf4 33. Rd8 Qa6
34. Ree8 Qf1+ 35. Bd1 1-0

[Event "GRENKE Chess Classic"]
[Site "Karlsruhe"]
[Date "17.04.2017"]
[Round "3.4"]
[White "Bluebaum, Matthias"]
[Black "Naiditsch, Arkadij"]
[Result "0-1"]
[WhiteTitle "GM"]
[BlackTitle "GM"]
[WhiteElo "2634"]
[BlackElo "2702"]
[WhiteFideId "24651516"]
[BlackFideId "4650891"]
[EventDate "2017.04.15"]

1. d4 Nf6 2. c4 e6 3. g3 d5 4. Bg2 dxc4 5. Nf3 a6 6. O-O Nc6 7. Be3 Bd7 8. Qc1
b5 9. b3 cxb3 10. axb3 Bd6 11. Ne1 Nd5 12. Nc3 Ncb4 13. Nxd5 exd5 14. Bd2 c6 15.
Bxb4 Bxb4 16. Nd3 Bd6 17. Nc5 O-O 18. Nb7 Qc7 19. Nxd6 Qxd6 20. Qd2 Ra7 21. Rfc1
h6 22. Rc5 Rfa8 23. Qa5 Be8 24. e3 g5 25. Rc2 Qg6 26. Rca2 Bd7 27. Bf1 Kg7 28.
b4 h5 29. Qb6 h4 30. Qc5 Bf5 31. Rc1 a5 32. Qb6 Ra6 33. Qc7 axb4 34. Rxa6 Rxa6
35. Qb7 Ra2 36. Rxc6 Be6 37. Qe7 Qf6 38. Qxf6+ Kxf6 39. gxh4 b3 40. hxg5+ Kxg5
41. f4+ Kh4 42. Bd3 Rd2 43. f5 Rxd3 44. fxe6 b2 0-1

[Event "GRENKE Chess Classic"]
[Site "Karlsruhe"]
[Date "19.04.2017"]
[Round "4.1"]
[White "Naiditsch, Arkadij"]
[Black "Meier, Georg"]
[Result "1/2-1/2"]
[WhiteTitle "GM"]
[BlackTitle "GM"]
[WhiteElo "2702"]
[BlackElo "2621"]
[WhiteFideId "4650891"]
[BlackFideId "4675789"]
[EventDate "2017.04.15"]

1. d4 d5 2. Nf3 Nf6 3. Bf4 c5 4. e3 Nc6 5. Nbd2 Bg4 6. c3 e6 7. Qb3 Qc8 8. h3
Bh5 9. g4 Bg6 10. Nh4 Be4 11. f3 Bg6 12. Be2 Be7 13. Bg3 a6 14. Kf2 b5 15. Qd1
Qd8 16. a4 b4 17. a5 c4 18. Nxg6 hxg6 19. h4 Bd6 20. f4 Rb8 21. Qc2 Rb5 22. h5
bxc3 23. bxc3 Qb8 24. hxg6 Rxh1 25. Rxh1 Rb2 26. Rh8+ Ke7 27. Rxb8 Rxc2 28. Rb7+
Nd7 29. gxf7 Rxd2 30. Bh4+ Kf8 31. Rxd7 Be7 32. Bxe7+ Nxe7 33. g5 Kxf7 34. Ra7
Rc2 35. Ke1 Rxc3 36. Kd2 Ra3 37. Bh5+ g6 38. Bxg6+ Kxg6 39. Rxe7 Ra2+ 40. Kc3
Ra3+ 41. Kd2 Ra2+ 42. Ke1 Kf5 43. Kf1 c3 44. Rc7 Rc2 45. g6 Kxg6 46. Ke1 Kf5 47.
Kd1 Rd2+ 48. Kc1 Rd3 49. Kc2 Rxe3 50. Rc6 Rf3 51. Rxa6 Ke4 52. Rxe6+ Kxd4 53. a6
Rf2+ 54. Kb3 Rb2+ 55. Ka3 Rb1 56. Rc6 Kd3 57. a7 Ra1+ 58. Kb3 d4 59. Rc7 c2 60.
Kb2 c1=Q+ 61. Rxc1 Rxa7 62. Rh1 Rc7 63. f5 Rc2+ 64. Kb3 Rf2 65. Rh3+ Ke4 66.
Rh4+ Kd5 67. Rh8 Rxf5 68. Kc2 Ke4 1/2-1/2

[Event "GRENKE Chess Classic"]
[Site "Karlsruhe"]
[Date "19.04.2017"]
[Round "4.3"]
[White "Vachier-Lagrave, Maxime"]
[Black "Hou, Yifan"]
[Result "1-0"]
[WhiteTitle "GM"]
[BlackTitle "GM"]
[WhiteElo "2803"]
[BlackElo "2649"]
[WhiteFideId "623539"]
[BlackFideId "8602980"]
[EventDate "2017.04.15"]

1. e4 e5 2. Nf3 Nc6 3. Bb5 Nf6 4. d3 Bc5 5. c3 d5 6. Nbd2 dxe4 7. dxe4 O-O 8.
O-O a5 9. Bxc6 bxc6 10. Nxe5 Ba6 11. Re1 Re8 12. Nxc6 Qd6 13. Nd4 Bxd4 14. cxd4
Qxd4 15. Nb3 Qxd1 16. Rxd1 a4 17. Nc5 Nxe4 18. Nxa6 Rxa6 19. Be3 h5 20. Rac1 c6
21. Kf1 Nf6 22. Bc5 Nd5 23. Rc4 Nc7 24. a3 Rb8 25. Rd2 Nd5 26. Ke1 f6 27. Kd1
Kf7 28. Kc2 Rb5 29. Kb1 g6 30. Ka2 Ke6 31. f3 Rb8 32. Re4+ Kf7 33. Rdd4 Rba8 34.
Rc4 Ra5 35. Bf2 R5a6 36. Bc5 Ra5 37. g3 R5a6 38. h4 Ra5 39. Bf2 R5a6 40. Kb1 Rb8
41. Ka2 Rba8 42. g4 hxg4 43. fxg4 Re8 44. Rxe8 Kxe8 45. h5 Kf7 46. Be1 gxh5 47.
gxh5 f5 48. Bd2 Nf6 49. Rc5 Ne4 50. Rxf5+ Ke6 51. Ra5 Rxa5 52. Bxa5 Kf6 53. b3
Kg5 54. Bb4 Kxh5 55. bxa4 Nf6 56. a5 Nd5 57. a6 Nc7 58. a7 Kg6 59. Ba5 Na8 60.
Kb3 Kf7 61. Kc4 Ke7 62. Kc5 Kd7 63. Bb6 Kc8 64. Kxc6 Nc7 65. Bg1 Na8 66. Bh2 Nc7
67. Kb6 Na8+ 68. Ka6 1-0

[Event "GRENKE Chess Classic"]
[Site "Karlsruhe"]
[Date "19.04.2017"]
[Round "4.4"]
[White "Bluebaum, Matthias"]
[Black "Aronian, Levon"]
[Result "0-1"]
[WhiteTitle "GM"]
[BlackTitle "GM"]
[WhiteElo "2634"]
[BlackElo "2774"]
[WhiteFideId "24651516"]
[BlackFideId "13300474"]
[EventDate "2017.04.15"]

1. d4 d5 2. c4 c6 3. Nc3 Nf6 4. e3 a6 5. Qc2 b5 6. b3 g6 7. Bd3 Bg7 8. Nf3 O-O
9. O-O Nbd7 10. Bb2 Bb7 11. h3 dxc4 12. bxc4 c5 13. Qe2 cxd4 14. exd4 bxc4 15.
Bxc4 Nb6 16. Bb3 a5 17. a4 Nbd5 18. Nxd5 Nxd5 19. Bxd5 Bxd5 20. Ba3 Re8 21. Bc5
Bb7 22. Rfb1 Bxf3 23. Qxf3 Bxd4 24. Bxd4 Qxd4 25. Rd1 Qe5 26. Qd5 Qf6 27. Rac1
e6 28. Qc5 Red8 29. Qc7 h5 30. Rxd8+ Qxd8 31. Qe5 Qd7 32. Rc4 Qd3 33. Rd4 Qb1+
34. Kh2 Qb8 35. Rd6 Qe8 36. Qb5 Qe7 37. Rd7 Qf6 38. Qb6 Rc8 39. Qd4 Qxd4 40.
Rxd4 Rc2 41. Kg3 Kg7 42. h4 Kf6 43. Rf4+ Ke7 44. Rd4 Rc3+ 45. f3 Rc2 46. Kh3 Rb2 0-1

[Event "GRENKE Chess Classic"]
[Site "Karlsruhe"]
[Date "20.04.2017"]
[Round "5.1"]
[White "Hou, Yifan"]
[Black "Bluebaum, Matthias"]
[Result "1/2-1/2"]
[WhiteTitle "GM"]
[BlackTitle "GM"]
[WhiteElo "2649"]
[BlackElo "2634"]
[WhiteFideId "8602980"]
[BlackFideId "24651516"]
[EventDate "2017.04.15"]

1. d4 Nf6 2. Nf3 d5 3. c4 e6 4. Nc3 Bb4 5. cxd5 exd5 6. Bg5 O-O 7. e3 h6 8. Bh4
Bf5 9. Qb3 Bxc3+ 10. bxc3 Nbd7 11. Be2 c5 12. dxc5 g5 13. Bg3 Nxc5 14. Qb5 Nfe4
15. Rc1 Qe7 16. Be5 Rac8 17. Bd4 a6 18. Qa5 Qc7 19. Qb4 Ne6 20. h4 Nxd4 21. Nxd4
Bg6 22. hxg5 hxg5 23. Nf3 Qc5 24. Qxb7 Nxc3 25. Qb2 Qa5 26. O-O Qxa2 27. Qxa2
Nxa2 28. Rxc8 Rxc8 29. Bxa6 Rc5 30. Ra1 Nb4 31. Ra4 Nc2 32. Be2 f6 33. Nh2 Rc7
34. Bf3 Bf7 35. Ng4 Kg7 36. Ra6 d4 37. e4 d3 38. Rd6 Nb4 39. Nxf6 Rc6 40. Rxc6
Nxc6 41. Ng4 Nd4 42. Ne3 Nxf3+ 43. gxf3 d2 44. Kg2 Bb3 45. Kg3 d1=Q 46. Nxd1
Bxd1 47. f4 gxf4+ 48. Kxf4 1/2-1/2

[Event "GRENKE Chess Classic"]
[Site "Karlsruhe"]
[Date "21.04.2017"]
[Round "6.3"]
[White "Aronian, Levon"]
[Black "Hou, Yifan"]
[Result "1-0"]
[WhiteTitle "GM"]
[BlackTitle "GM"]
[WhiteElo "2774"]
[BlackElo "2649"]
[WhiteFideId "13300474"]
[BlackFideId "8602980"]
[EventDate "2017.04.15"]

1. d4 Nf6 2. c4 e6 3. Nf3 d5 4. Nc3 Nbd7 5. Qc2 dxc4 6. e4 c5 7. Bxc4 a6 8. d5
Nb6 9. Be2 exd5 10. e5 Ne4 11. Nxe4 dxe4 12. Qxe4 Qd5 13. Qf4 Be7 14. O-O O-O
15. Rd1 Qe6 16. Ng5 Qf5 17. Bf3 Qxf4 18. Bxf4 Nc4 19. b3 Bxg5 20. Bxg5 Nxe5 21.
Be4 Re8 22. f3 h6 23. Bh4 c4 24. bxc4 Nxc4 25. Rac1 Be6 26. Bxb7 Ra7 27. Be4 a5
28. Rd4 Ne5 29. Bg3 f6 30. a3 Rd7 31. Bxe5 fxe5 32. Rxd7 Bxd7 33. Rc7 Bb5 34.
Rc5 Rb8 35. Rxe5 a4 36. h4 Kf7 37. Rc5 Be8 38. Bc2 Rb2 39. Rc4 Ra2 40. Bxa4 Ra1+
41. Kh2 Bxa4 42. Rxa4 1-0

[Event "GRENKE Chess Classic"]
[Site "Karlsruhe"]
[Date "21.04.2017"]
[Round "6.4"]
[White "Bluebaum, Matthias"]
[Black "Caruana, Fabiano"]
[Result "1/2-1/2"]
[WhiteTitle "GM"]
[BlackTitle "GM"]
[WhiteElo "2634"]
[BlackElo "2817"]
[WhiteFideId "24651516"]
[BlackFideId "2020009"]
[EventDate "2017.04.15"]

1. d4 d5 2. c4 dxc4 3. e3 Nf6 4. Bxc4 e6 5. Nf3 c5 6. O-O a6 7. b3 b6 8. Bb2 Bb7
9. dxc5 Bxc5 10. Qxd8+ Kxd8 11. Ne5 Ke7 12. Be2 Nbd7 13. Nxd7 Nxd7 14. Nd2 Rhd8
15. Bf3 Bxf3 16. Nxf3 f6 17. Rfd1 e5 18. Kf1 a5 19. Nd2 a4 20. Ne4 Ke6 21. bxa4
Rxa4 22. Nc3 Rc4 23. Nb5 Rc8 24. Ba3 Bxa3 25. Nxa3 Rb4 26. Rab1 Rxb1 27. Rxb1
Ra8 28. Nc4 Rxa2 29. Nxb6 Nc5 30. Rd1 Rc2 31. f3 e4 32. fxe4 Nxe4 33. Nd5 g5 34.
Nb4 Rf2+ 35. Kg1 Re2 36. Nc6 Rxe3 37. Nd4+ Ke5 38. Nf3+ Kf5 39. Rf1 Nc3 40. h4
Kg4 41. Nh2+ Kxh4 42. Rxf6 Re1+ 43. Nf1 h5 44. Kh2 Kg4 45. Rf3 Nd1 46. Rf6 h4
47. Rf8 Kh5 48. g3 Re2+ 49. Kg1 h3 50. Rh8+ Kg4 51. Nh2+ Kxg3 52. Nf1+ Kg4 53.
Nh2+ Kf4 54. Rxh3 g4 55. Nxg4 Kxg4 56. Rh8 Nf2 57. Kf1 Rc2 58. Ke1 Kf3 59. Rf8+
Ke3 60. Re8+ Ne4 61. Kd1 Rh2 62. Kc1 Kd4 63. Rd8+ Kc4 64. Rc8+ Nc5 65. Kd1 Rg2
66. Ke1 Kd4 67. Rd8+ Ke3 68. Re8+ Ne4 69. Kd1 Rg6 70. Kc2 Rc6+ 71. Kb3 Kd3 72.
Rd8+ Nd6 73. Rh8 Rb6+ 74. Ka4 Nc4 75. Rh3+ Kd4 76. Rh4+ Kd5 77. Rd4+ Kc5 78.
Rd5+ Kc6 79. Rc5+ Kxc5 1/2-1/2

[Event "GRENKE Chess Classic"]
[Site "Karlsruhe"]
[Date "22.04.2017"]
[Round "7.1"]
[White "Hou, Yifan"]
[Black "Naiditsch, Arkadij"]
[Result "1/2-1/2"]
[WhiteTitle "GM"]
[BlackTitle "GM"]
[WhiteElo "2649"]
[BlackElo "2702"]
[WhiteFideId "8602980"]
[BlackFideId "4650891"]
[EventDate "2017.04.15"]

1. e4 e6 2. d4 d5 3. Nc3 Nf6 4. e5 Nfd7 5. f4 c5 6. Nf3 a6 7. Be3 Qb6 8. Rb1 Nc6
9. Qd2 Qc7 10. Be2 cxd4 11. Nxd4 Bc5 12. O-O Nxd4 13. Bxd4 Bxd4+ 14. Qxd4 Qc5
15. Qxc5 Nxc5 16. Kf2 Bd7 17. Bd3 Ke7 18. Ke3 Bb5 19. Bxb5 axb5 20. a3 Ra5 21.
Rf3 Rc8 22. b4 Rxa3 23. Kd4 Ra4 24. Nxa4 Nxa4 25. Kd3 g6 26. Kd2 h5 27. g3 Rc4
28. h3 Kd7 29. g4 Rd4+ 30. Kc1 hxg4 31. hxg4 Kc6 32. Rbb3 Re4 33. Rf1 g5 34.
fxg5 Rxg4 35. Rxf7 Rxg5 36. Rh3 Rxe5 37. Rhh7 Re4 38. c3 Kd6 39. Rd7+ Ke5 40.
Rh5+ Kf6 41. Rh6+ Kf5 42. Rh3 b6 43. Rf7+ Ke5 44. Rf2 Rc4 45. Re2+ Kd6 46. Kd2
d4 47. cxd4 Rxb4 48. Rh4 Rb2+ 49. Kd3 Rb3+ 50. Kc2 Rc3+ 51. Kd2 Rc6 52. Rh6 Kd5
53. Re5+ Kxd4 54. Rhxe6 Rxe6 55. Rxe6 1/2-1/2

[Event "GRENKE Chess Classic"]
[Site "Karlsruhe"]
[Date "22.04.2017"]
[Round "7.2"]
[White "Caruana, Fabiano"]
[Black "Aronian, Levon"]
[Result "1/2-1/2"]
[WhiteTitle "GM"]
[BlackTitle "GM"]
[WhiteElo "2817"]
[BlackElo "2774"]
[WhiteFideId "2020009"]
[BlackFideId "13300474"]
[EventDate "2017.04.15"]

1. e4 e5 2. Nf3 Nc6 3. Bc4 Bc5 4. d3 Nf6 5. O-O O-O 6. a4 a5 7. Bg5 h6 8. Bh4
Be7 9. Bg3 d6 10. h3 Nd7 11. Nc3 Nb6 12. Bb3 Kh8 13. d4 Nxd4 14. Nxd4 exd4 15.
Qxd4 Bf6 16. e5 dxe5 17. Qxd8 Rxd8 18. Rfe1 Be6 19. Bxe6 fxe6 20. Ne4 Kg8 21.
Nc5 Rd5 22. Nxe6 Rc8 23. b3 c5 24. c4 Rd6 25. Nxg7 Kxg7 26. Bxe5 Rd3 27. Bxf6+
Kxf6 28. Re4 Rc7 29. Rae1 Rxb3 30. Rf4+ Kg7 31. Re6 Nxa4 32. Rg4+ Kf8 33. Rxh6
Rf7 34. Rh8+ Ke7 35. h4 Nc3 36. h5 a4 37. h6 a3 38. h7 a2 39. Re8+ Kxe8 40.
h8=Q+ Kd7 41. Kh2 a1=Q 42. Rg8 Qa5 43. Qh3+ Kc7 44. Qg3+ Kd7 45. Qd3+ Ke7 46.
Qe3+ Kd6 47. Rg6+ Kc7 48. Qe5+ Kc8 49. Rg8+ Qd8 50. Qxc5+ Rc7 51. Rxd8+ Kxd8 52.
Qf8+ Kd7 53. g4 Rb2 54. Qf3 Ke8 55. Qxc3 Rxf2+ 56. Kg3 Rff7 57. g5 Rg7 58. Kg4
Kf8 59. Qf6+ Kg8 60. g6 Rxg6+ 61. Qxg6+ 1/2-1/2

[Event "GRENKE Chess Classic"]
[Site "Karlsruhe"]
[Date "22.04.2017"]
[Round "7.4"]
[White "Meier, Georg"]
[Black "Bluebaum, Matthias"]
[Result "1/2-1/2"]
[WhiteTitle "GM"]
[BlackTitle "GM"]
[WhiteElo "2621"]
[BlackElo "2634"]
[WhiteFideId "4675789"]
[BlackFideId "24651516"]
[EventDate "2017.04.15"]

1. e4 c6 2. d4 d5 3. exd5 cxd5 4. c4 Nf6 5. Nc3 Nc6 6. Nf3 Bg4 7. Bg5 Bxf3 8.
gxf3 e6 9. cxd5 exd5 10. Qe2+ Qe7 11. O-O-O O-O-O 12. Qc2 Kb8 13. Kb1 Qd7 14. a3
Be7 15. h4 Nh5 16. Bh3 Qc7 17. Bg4 Bxg5 18. hxg5 Nf4 19. Rxh7 Rxh7 20. Qxh7 g6
21. Qg7 Qe7 22. Rh1 a6 23. Ka2 Ka7 24. Rh7 Ne2 25. Nxe2 Qxe2 26. Qxf7 Qc4+ 27.
Kb1 Qd3+ 28. Ka2 Qc4+ 29. Kb1 Qd3+ 30. Ka2 Qc4+ 31. Kb1 Qd3+ 1/2-1/2